Data Communications And Networking (Record no. 317357)

MARC details
000 -LEADER
fixed length control field 00447nam a2200169Ia 4500
008 - FIXED-LENGTH DATA ELEMENTS--GENERAL INFORMATION
fixed length control field 230718s9999 xx 000 0 und d
041 ## - LANGUAGE CODE
Language code of text/sound track or separate title eng
082 ## - DEWEY DECIMAL CLASSIFICATION NUMBER
Classification number 004.6
Item number FOR
100 ## - MAIN ENTRY--PERSONAL NAME
Personal name Forouzan B.A.
9 (RLIN) 108860
245 ## - TITLE STATEMENT
Title Data Communications And Networking
250 ## - EDITION STATEMENT
Edition statement 4th ed.
260 ## - PUBLICATION, DISTRIBUTION, ETC. (IMPRINT)
Name of publisher, distributor, etc. Tata McGraw-Hill
300 ## - PHYSICAL DESCRIPTION
Accompanying material [OBSOLETE, CAN/MARC] Ref 876 E (26412)
365 ## - TRADE PRICE
Currency code Rs.
Price amount 365.00
700 ## - ADDED ENTRY--PERSONAL NAME
Personal name Forouzan B.A.
9 (RLIN) 108860
906 ## - LOCAL DATA ELEMENT F, LDF (RLIN)
d B:164105-Sep-2007
c COMP
b 73
Holdings
Withdrawn status Lost status Damaged status Not for loan Home library Current library Date acquired Vendor Budget Code Cost, normal purchase price Bill number Total Checkouts Full call number Barcode Checked out Date last seen Date last checked out Discount Cost, replacement price Bill Date Koha item type Original Barcode
        Cummins College of Engineering for Women Pune Cummins College of Engineering for Women Pune 05/09/2007 Tbs COMP 292.00 1641 5 004.6 CCEP-BK-28564 10/06/2026 12/05/2026 12/05/2026 73 365.00 05/09/2007 Books 028564